| 000 | 00659nam a22002177a 4500 | ||
|---|---|---|---|
| 005 | 20170124110220.0 | ||
| 010 | _aA-597187 | ||
| 020 |
_c00.00 _a0192852744 |
||
| 035 | _aA-597187 | ||
| 037 | _bCen Lib/Ret | ||
| 040 |
_aDPL _bEN |
||
| 082 |
_a902.02 _bBEE |
||
| 100 |
_aBeeching, Cyril Leslie _938920 |
||
| 245 |
_aA dictionary of dates / _cby Cyril Leslie Beeching |
||
| 260 |
_aNew York _bOxford University Press _c1993 |
||
| 270 |
_aWalton Street _bNew York |
||
| 300 |
_a305p. _c18cm(Hb) |
||
| 650 |
_aAnniversaries -- Dictionaries _vDictionary _939676 |
||
| 650 |
_aCalendars _vDictionary _939677 |
||
| 942 |
_2ddc _cEN _h902.02 _mBEE |
||
| 999 |
_c134062 _d134062 |
||